000 00784nam a22002777a 4500
003 CHAP
005 20220329134244.0
008 971013s1943 r 00010 d
010 _a17701
011 _a18673
035 _a22758
040 _cCHAP
082 _a910
_bB5
100 0 0 _aBlackaller Valdés, Alonso.
_912991
245 _aGeografía general y de México
260 _aChapingo, Mex. :
_bENA,
_c1943
300 _a60 h.
590 _aBATCH-UPD
_b10
_c20130110
_lUCH01
_h1802
590 _aBATCH-UPD
_b10
_c20130410
_lUCH01
_h1137
590 _aBATCH-UPD
_b10
_c20130914
_lUCH01
_h0725
590 _aCONVERSION
_b10
_c20130109
_lUCH01
_h1311
650 1 4 _aGeografía.
_947540
901 _aBK
942 _cLIBRO
949 _a910 B5
_bBC
_cUACH
_d-53199
_eUACH
_h67575
_i22758
_si
999 _c17701
_d17701